Direcciones de la lingüística moderna. I. De Saussure a Bloomfield: 1916-1950

Shranjeno v:
Bibliografske podrobnosti
Glavni avtor: Szemerényi, Oswald (Author)
Format: Knjiga
Jezik:španščina
Izdano: Madrid Gredos 1979
Serija:Biblioteca Románica Hispánica. Manuales, 44
Teme:
Oznake: Označite
Brez oznak, prvi označite!

MARC

LEADER 00000nam a2200000 a 4500
001 UCQ2425
003 CL-VaPUC
008 980724e19790000SP |||||||||||||||||spa|d
082 0 4 |a 410.9  |b SZE  |2 21 
100 0 |a Szemerényi, Oswald  |e author  |9 416343 
245 1 0 |a Direcciones de la lingüística moderna. I. De Saussure a Bloomfield: 1916-1950 
300 |a 204 p 
942 |c BK 
945 |d 19980724 00:00:00  |a crobeson 
260 |a Madrid  |b Gredos  |c 1979 
650 0 |a Lenguaje   |9 265069 
650 0 |a Lingüística  |9 265068 
650 7 |a TEORIA LINGUISTICA  |2 CL-VaPUC  |9 334835 
650 7 |a LINGUISTICA HISTORIA  |2 CL-VaPUC  |9 316168 
650 0 |a Lingüistas  |9 269172 
583 |a last modification  |c 19980724 00:00:00  |k Rodrigo Vera 
490 0 |a Biblioteca Románica Hispánica. Manuales, 44 
999 |c 273249  |d 273247 
952 |0 0  |1 0  |4 0  |6 410_900000000000000_SZE_1979  |7 0  |8 A  |9 308656  |a BIBEDU  |b BIBEDU  |d 2019-11-20  |i 1445421  |l 1  |o 410.9 SZE 1979  |p 1445421  |r 2024-03-13  |s 2024-03-13  |w 2019-11-20  |y BK  |k LIT 
952 |0 0  |1 0  |4 0  |6 410_900000000000000_SZE_1979  |7 0  |8 A  |9 308657  |a FDOPOS  |b FDOPOS  |d 2019-11-20  |i 4269462  |o 410.9 SZE 1979  |p 4269462  |r 2025-01-22  |w 2019-11-20  |y BK  |k MLA